| 000 | 004530000a22001810004500 | ||
|---|---|---|---|
| 003 | MACL | ||
| 005 | 20160122153639.0 | ||
| 008 | 160122b xxu||||| |||| 00| 0 eng d | ||
| 040 |
_aMACL _cMACL |
||
| 041 | _aEnglish | ||
| 082 | _a342.06/TAK | ||
| 100 |
_aTakwani,C K _934123 |
||
| 245 | _aLectures on Administrative Law | ||
| 260 |
_bEastern Book Co. _c1998 _aLucknow |
||
| 350 | _a120 | ||
| 650 |
_aAdministration _934124 |
||
| 942 |
_cBK _k342/tha _2ddc |
||
| 999 |
_c33067 _d33067 |
||